000 00586nam a2200205Ia 4500
005 20250508154422.0
008 008 250505s9999 xx 000 0 eng d
037 _aBooks to be hide in OPAC
040 _aFEDL
_beng
_cFEDL
041 _aeng
_2eng
084 _a370.954, SIQ/O
_qFEDL
100 _aSiqueira T N
_9139492
245 0 _aModern Indian education
260 _aLondon, UK
_bOxford University Press
_c1960
300 _a276p
365 _aINR
_b40
490 _aTeaching in India Series; 30
942 _cHB
_h370.954, SIQ/O
999 _c1350073
_d1350073